Wars ended by D. Trump - Statistics

General Stats
  • This quiz has been taken 56 times
  • The average score is 8 of 16
Answer Stats
Answer % Correct
Israel
96%
Israel
96%
Iran
83%
India
63%
Pakistan
63%
Hamas
59%
Armenia
50%
Azerbaijan
50%
Egypt
46%
Cambodia
39%
Thailand
39%
Democratic Republic of the Congo
22%
Rwanda
22%
Serbia
20%
Ethiopia
17%
Kosovo
17%
No matching quizzes found
Score Distribution
Percent of People with Each Score
Percentile by Number Answered
Your Score History
You have not taken this quiz